|
|
|
|
| LEADER |
00000nab a2200000 ar4500 |
| 001 |
vtls009347886 |
| 003 |
SK-MaSNL |
| 005 |
20260303055239.0 |
| 008 |
081015c2008 xo mr|p|||||||000 b|slo |
| 015 |
|
|
|a SNBRB2008/10
|2 snkbucl
|
| 038 |
|
|
|a SNKBUCL
|
| 040 |
|
|
|a SNKBUCL
|b slo
|c SNKBUCL
|e AACR2
|
| 041 |
0 |
|
|a slo
|
| 044 |
|
|
|a xo
|c SK
|
| 080 |
|
|
|a 792.079
|2 1997
|
| 100 |
1 |
|
|a Koželová, Soňa
|4 aut
|9 647502
|
| 245 |
1 |
0 |
|a Obraz doby
|c Soňa Koželová
|
| 300 |
|
|
|b Fotogr.
|
| 611 |
2 |
7 |
|a Divadelná Nitra
|n (17. :
|d 2008 :
|c Nitra, Slovensko)
|2 snkbucl
|9 239396
|
| 651 |
|
7 |
|a Nitra (Slovensko)
|2 snkbucl
|9 15714
|
| 773 |
0 |
|
|t Žurnál
|g Roč. II, č. 40 (2008), s. 49
|x 1337-219X
|
| 852 |
|
|
|a SNK
|b KIS3GCP
|
| 958 |
|
|
|a SK
|
| 999 |
|
|
|c 1726558
|d 1728488
|